| 000 | 00647nam a2200217 a 4500 | ||
|---|---|---|---|
| 005 | 20240806064100.0 | ||
| 008 | 991125s1986 ag 000 0 spa u | ||
| 020 | _a9500504269 | ||
| 035 | _aUPN01000012746 | ||
| 049 | _aCG | ||
| 050 | 4 |
_aPT2360 _bA3 1986 |
|
| 100 | 1 |
_aHoffmann, Ernst Theodor Amadeus, _d1776-1822 _930310 |
|
| 245 | 1 | 0 |
_aCuentos fantásticos / _cE. T. A. Hoffmann ; selec., tr. y notas Andrea Pagni. |
| 260 |
_aBuenos Aires : _bCorregidor, _c1986. |
||
| 300 | _a288 p. | ||
| 440 | 0 | _aRelieves | |
| 650 | 4 |
_aCUENTOS ALEMANES _98048 |
|
| 650 | 4 |
_aLiteratura alemana _910466 |
|
| 700 | 1 |
_aPagni, Andrea, _ecomp. |
|
| 905 | _aLibro | ||
| 999 |
_c12746 _d12746 |
||